David Copperfield
সংরক্ষণ করুন:
| প্রধান লেখক: | |
|---|---|
| বিন্যাস: | গ্রন্থ |
| ভাষা: | ইংরেজি |
| প্রকাশিত: |
Londres
J. M. Dent
1907
|
| মালা: | Everyman's Library, 242
|
| বিষয়গুলি: | |
| ট্যাগগুলো: |
ট্যাগ যুক্ত করুন
কোনো ট্যাগ নেই, প্রথমজন হিসাবে ট্যাগ করুন!
|
MARC
| LEADER | 00000nam a2200000 a 4500 | ||
|---|---|---|---|
| 001 | UCT2570 | ||
| 003 | CL-VaPUC | ||
| 008 | 961011e19070000UK |||||||||||||||||eng|d | ||
| 082 | 0 | 4 | |a 823 |b DIC |2 21 |
| 100 | 0 | |a Dickens, Charles |e author |9 319540 | |
| 245 | 1 | 0 | |a David Copperfield |
| 300 | |a 836 p | ||
| 942 | |c BK | ||
| 945 | |d 19961011 00:00:00 |a rleighto | ||
| 260 | |a Londres |b J. M. Dent |c 1907 | ||
| 650 | 0 | |a Novelas inglesas |9 265220 | |
| 583 | |a last modification |c 19961011 00:00:00 |k Rodrigo Vera | ||
| 490 | 0 | |a Everyman's Library, 242 | |
| 999 | |c 252626 |d 252624 | ||
| 952 | |0 0 |1 0 |4 0 |6 823_000000000000000_DIC_1907 |7 0 |8 A |9 272572 |a BIBEDU |b BIBEDU |d 2019-11-19 |i 3239829 |l 2 |o 823 DIC 1907 |p 3239829 |r 2024-08-14 |s 2024-08-08 |w 2019-11-19 |y BK |k LIT | ||
| 952 | |0 0 |1 0 |4 0 |6 823_000000000000000_DIC_1907 |7 0 |8 A |9 272573 |a BIBEDU |b BIBEDU |d 2019-11-19 |i 1338005 |l 1 |o 823 DIC 1907 |p 1338005 |r 2024-09-12 |s 2024-09-05 |w 2019-11-19 |y BK |k LIT | ||